Statistiques concernant Petit Bac - Lettre V

Cliquez ici pour prendre le quiz!

Statistiques générales

  • Ce quiz a été pris 1 371 fois
  • Le résultat moyen est 8 sur 10

Statistiques - réponses

CatégoriesRéponses en V% Correct
PrénomVincent / Victor / Viktor / Valentine / Valentin / Valentino / Virgil / Vicky / Vick / Victrice / Victoire / Victoria / Violette / Valentina / Vanessa / Valentia / Valeira / Valeria / Valerie / Valero / Vince / Veronique / Victoire / Victorienne / Victorine / Vivi / Viola / Vivianne / Veronica / Viliam / Villerme / Victrice / Vera / Vlad / Victorien / Violaine / Viviano / Valerianne / Valerian / Vaiana / Vanna / Vike / Virginie / Virginia / Vladimir / Von / Virgine / Vinnie / Vina / Violene / Vania / Vita / Vaik / Velina / Vikram / Vitto / Valmond / Venise / Valbert / Vasile / Vanille / Vitalie / Verlaine / Virginien / Vonnie / Venus / Viny / Valerine
100%
ObjetValise / Vase / Ventilateur / Ventouse / Verre / Violon / Vis / Vitre / Voiture / Volant / Vélo / Vibromasseur / Volet / Valve / Vanne / Vitrine / Vuvuzela / Vaisselle / Vaporisateur / Voilier / Visière / Vernis / Violoncelle / Van / véhicule / Vasque / Vapoteuse / Velux / Vivarium / Voiturette / Verrou / VTT / Visseuse / Vinyle / Vêtement / Veilleuse / Vignette / Verrine / Vitrail / Vélo / Vérin / Vaisseau / Voltmètre / Viseur / Vaseline / Vilebrequin / Vespa / Vrille / Vape / Valet / Vibrateur / Vareuse / Vortex / Verrière / Volière / Viseur / Vide poche / Vidéo projecteur / Variateur / Vibreur / Valisette / Vélomoteur / Violon / Vélocipède
97%
PaysVanuatu / Vatican / Venezuela / Vierges / Vietnam
94%
AnimalVache / Vairon / Vandoise / Verre de terre / Vermiceau / Vanneau / Varan / Vautour / Veau / Venturon / Ver / Verdier / Verrat / Vervet / Veuve noire / Vibora / Vipère / Viréo / Vison
93%
SportVarappe / Vélo / Voile / Volleyball / Voltige / Vovinam Viet Vo Dao / VTT
89%
MétierValet / Vannier / Veilleur / Vendeur / Vendeuse / Vernisseur / Verrier / Vétérinaire / Vigneron / Violoniste / Visiteur médical / Visuel merchandiser / Viticulteur / Vitrailliste / Vitrier / Vigile / Vernisseur / Voiturier
88%
Partie du corpsVagin / Vaste externe / Vaste interne / Vaste / Veine / Ventre / Ventricule / Vertèbre / Vésicule biliaire / Vessie / Visage / Vulve
86%
VêtementVareuse / Vertugade / Veste / Veston / Vitchoura / Voile / Visière
79%
MarqueVedette / Vico / Vizir / VediorBis / Volkswagen / Vivrélec / Valvert / Viva / Vivendi / Vegas / VVF Vacances / Vivendi / Vittel / Vahiné / Vania / Vache qui rit / Volvic / Visual / Velouté / Vanich / Venus / Vanish / Virgin Mobile / Vacances.com / Vademecum / Valtero / Varilux / Vauxhall / VDS / Veet / Vélizy 2 / Vendôme / Véolia / Vernière / Vêti / VIA Technologies / Vibel / Vibration / Vichy / Video Futur / Vidéotron / Viessmann / Vieux Pané / Vigor / Viking / Vileda / Vimeo / Virgin 17 / Virgin Radio / Vision Plus / Vistaprint / Visual / Vitarmonyl / ViVolta / Vodafone / Volvo / Vosgienne / Vossloh / VRAI / Vrak.tv / Vulcania / Viveco / Vespa / Vinci / Volga / Vans / Vivaldi / Vogalib
78%
Fruit ou LégumeVavangue / Vanille
26%

Distribution des résultats

Percentile par nombre de réponses

% des personnes avec chaque résultat

Votre développement - résultats

Vous n’avez pas pris ce quiz